Statistics for Flags of the Countries that Start with B

Click here to take the quiz!

General Stats

  • This quiz has been taken 2,209 times
    (509 since last reset)
  • The average score is 14 of 17

Answer Stats

Answer % Correct
Brazil
99%
Belgium
96%
Bangladesh
91%
Bhutan
90%
Bulgaria
87%
Bosnia & Herzegovina
85%
Belarus
84%
Barbados
83%
Bahrain
80%
Belize
75%
Bahamas
75%
Brunei
74%
Botswana
72%
Benin
69%
Burkina Faso
68%
Bolivia
67%
Burundi
66%

Score Distribution

Percentile by Number Answered

Percent of People with Each Score

Your Score History

You have not taken this quiz since the last reset